000
00289nam a22001097a 4500
008
170110b xxu||||| |||| 00| 0 eng d
020
_a
019504265
041
_a
eng
080
_a
618.2
245
_a
TOUGH DECISIONS/ A CASEBOOK IN MEDICAL ETHICS
_c
FREEMAN, J.M & MCDONNELL, K
942
_2
udc
_c
BK
999
_c
2657
_d
2657